[Event "Oldenburg Union 75 Ann Blitz"]
[Site "Oldenburg"]
[Date "2024.12.14"]
[Round "5"]
[White "Hermann, Manfred"]
[Black "Modder, Frank"]
[Result "1-0"]
[WhiteElo "2293"]
[BlackElo "1942"]
[PlyCount "49"]
[EventDate "2024.12.14"]
[EventType "swiss (blitz)"]
[EventRounds "13"]
[EventCountry "GER"]
[SourceTitle "CB52_2024"]
[SourceDate "2024.12.25"]
[SourceVersion "1"]
[SourceVersionDate "2024.12.25"]
[SourceQuality "1"]

1. e4 e6 2. d4 d5 3. e5 c5 4. c3 Qb6 5. Nf3 Nc6 6. Bd3 cxd4 7. cxd4 Bd7 8. 0-0 Nxd4 9. Nxd4 Qxd4 10. Nc3 a6 11. Qe2 Ne7 12. Rd1 Qh4 13. g3 Qb4 14. a3 Qb6 15. Be3 Qc7 16. f4 Nc6 17. Bf2 Be7 18. Rac1 0-0 19. Qh5 g6 20. Qg4 Rfc8 21. h4 f6 22. Bxg6 f5 23. Bxf5+ Kh8 24. Bxe6 Bxe6 25. Qxe6 1-0

[Event "Oldenburg Union 75 Ann Blitz"]
[Site "Oldenburg"]
[Date "2024.12.14"]
[Round "13"]
[White "Modder, Frank"]
[Black "De Vries, Carsten"]
[Result "1/2-1/2"]
[WhiteElo "1942"]
[BlackElo "1898"]
[PlyCount "98"]
[EventDate "2024.12.14"]
[EventType "swiss (blitz)"]
[EventRounds "13"]
[EventCountry "GER"]
[SourceTitle "CB52_2024"]
[SourceDate "2024.12.25"]
[SourceVersion "1"]
[SourceVersionDate "2024.12.25"]
[SourceQuality "1"]

1. d4 d5 2. Nf3 Nf6 3. g3 e6 4. Bg2 c5 5. 0-0 Nc6 6. c4 dxc4 7. Ne5 Bd7 8. Nxd7 Qxd7 9. dxc5 Bxc5 10. Qc2 0-0 11. Qxc4 Qe7 12. Bg5 Rac8 13. Bxf6 gxf6 14. Nc3 f5 15. Rac1 Nd4 16. e3 Nc6 17. Rfd1 a6 18. a4 Rfd8 19. Qe2 Ba7 20. h4 Ne5 21. Rxd8+ Rxd8 22. Rd1 Rxd1+ 23. Qxd1 Qb4 24. Qc2 Ng4 25. Bf3 Ne5 26. Be2 Qc5 27. Qd2 Qc6 28. Qd8+ Kg7 29. Qg5+ Ng6 30. h5 h6 31. Qd8 Ne5 32. Qd2 Nc4 33. Bxc4 Qxc4 34. Qc2 b5 35. b3 Qc5 36. axb5 axb5 37. Qd3 b4 38. Ne2 Bb6 39. Kh2 Bc7 40. Kg2 Be5 41. Nf4 Qc6+ 42. Kg1 Bxf4 43. gxf4 Qc3 44. Qd4+ Kg8 45. Qd8+ Kg7 46. Qd4+ Kh7 47. Qd7 Qf6 48. Qb5 Qc3 49. Qd7 Kg7 1/2-1/2

[Event "Oldenburg Union 75 Ann Blitz"]
[Site "Oldenburg"]
[Date "2024.12.14"]
[Round "6"]
[White "Modder, Frank"]
[Black "Muecke, Leonard"]
[Result "0-1"]
[WhiteElo "1942"]
[BlackElo "1853"]
[PlyCount "78"]
[EventDate "2024.12.14"]
[EventType "swiss (blitz)"]
[EventRounds "13"]
[EventCountry "GER"]
[SourceTitle "CB52_2024"]
[SourceDate "2024.12.25"]
[SourceVersion "1"]
[SourceVersionDate "2024.12.25"]
[SourceQuality "1"]

1. d4 g6 2. Nf3 Nf6 3. g3 Bg7 4. Bg2 0-0 5. 0-0 d6 6. b3 c6 7. Bb2 Nbd7 8. Re1 Qc7 9. e4 e5 10. dxe5 dxe5 11. Qe2 Re8 12. Nbd2 Nb6 13. a4 a5 14. h3 Nfd7 15. Rad1 Nc5 16. Ba3 Bf8 17. Bb2 f6 18. Nc4 Be6 19. Nxb6 Qxb6 20. Ba1 Rad8 21. Nd2 Na6 22. Nc4 Qb4 23. Rxd8 Rxd8 24. Ne3 Rd2 25. Qf1 Bc5 26. Rd1 Bxe3 27. fxe3 Kg7 28. Qe1 Rxd1 29. Qxd1 Qe7 30. Qd3 Nc5 31. Qc3 b6 32. Kh2 Qd6 33. Bf3 Na6 34. Be2 Nb4 35. Bb2 Na2 36. Qd3 Qxd3 37. Bxd3 Nb4 38. Be2 Nxc2 39. Bc3 Nxe3 0-1

[Event "Oldenburg Union 75 Ann Blitz"]
[Site "Oldenburg"]
[Date "2024.12.14"]
[Round "2"]
[White "Modder, Frank"]
[Black "Mueer, Sebastian"]
[Result "0-1"]
[WhiteElo "1942"]
[BlackElo "2175"]
[PlyCount "44"]
[EventDate "2024.12.14"]
[EventType "swiss (blitz)"]
[EventRounds "13"]
[EventCountry "GER"]
[SourceTitle "CB52_2024"]
[SourceDate "2024.12.25"]
[SourceVersion "1"]
[SourceVersionDate "2024.12.25"]
[SourceQuality "1"]

1. d4 g6 2. Nf3 Bg7 3. g3 d6 4. Bg2 Nf6 5. 0-0 0-0 6. b3 c6 7. Bb2 Qa5 8. Nbd2 Nbd7 9. e4 Qh5 10. Re1 c5 11. e5 Ne8 12. e6 Ndf6 13. exf7+ Rxf7 14. dxc5 Bg4 15. cxd6 Nxd6 16. Qe2 Raf8 17. Qf1 Nd7 18. Bxg7 Kxg7 19. Nd4 Qc5 20. c3 e5 21. b4 Qxc3 22. Rac1 Qxd4 0-1

[Event "Oldenburg Union 75 Ann Blitz"]
[Site "Oldenburg"]
[Date "2024.12.14"]
[Round "4"]
[White "Modder, Frank"]
[Black "Wichelmann, Martin"]
[Result "1-0"]
[WhiteElo "1942"]
[BlackElo "2104"]
[PlyCount "49"]
[EventDate "2024.12.14"]
[EventType "swiss (blitz)"]
[EventRounds "13"]
[EventCountry "GER"]
[SourceTitle "CB52_2024"]
[SourceDate "2024.12.25"]
[SourceVersion "1"]
[SourceVersionDate "2024.12.25"]
[SourceQuality "1"]

1. d4 Nf6 2. Nf3 g6 3. g3 Bg7 4. Bg2 0-0 5. 0-0 d6 6. b3 Nfd7 7. Bb2 e5 8. e4 Nc6 9. dxe5 dxe5 10. Nbd2 Nc5 11. Qe2 Ne6 12. c3 Qe7 13. a4 Rd8 14. Rfd1 Bd7 15. Ba3 Qe8 16. Nc4 f6 17. Ne3 Ne7 18. Bxe7 Qxe7 19. Nd5 Qf8 20. Qc4 Qf7 21. Rd2 c6 22. Ne3 Be8 23. Rad1 Bf8 24. Bh3 b5 25. Qxe6 1-0

[Event "Bremen Silvester op"]
[Site "Bremen"]
[Date "2017.12.27"]
[Round "1"]
[White "Mueller, Oliver"]
[Black "Modder, Frank"]
[Result "1-0"]
[WhiteElo "2290"]
[BlackElo "1874"]
[PlyCount "61"]
[EventDate "2017.12.27"]
[EventType "swiss"]
[EventRounds "7"]
[EventCountry "GER"]
[SourceTitle "CBM 182 Extra"]
[Source "ChessBase"]
[SourceDate "2018.02.23"]
[SourceVersion "1"]
[SourceVersionDate "2018.02.23"]
[SourceQuality "1"]

1. d4 d5 2. c4 c6 3. Nf3 Nf6 4. e3 Bg4 5. Nc3 e6 6. Qb3 Qb6 7. Ne5 Bf5 8. c5 Qc7 9. f3 h6 10. Bd3 Nbd7 11. Nxd7 Nxd7 12. Bxf5 exf5 13. e4 fxe4 14. fxe4 dxe4 15. 0-0 Nf6 16. Bf4 Qd7 17. Be5 Ng4 18. Nxe4 f5 19. Nd6+ Bxd6 20. Bxd6 0-0-0 21. Qa4 b5 22. Qa6+ Qb7 23. Qxb7+ Kxb7 24. Rxf5 Rhe8 25. Rf7+ Ka8 26. Rxg7 Re4 27. h3 Ne3 28. Re1 Rde8 29. Be5 Nf5 30. Rxe4 Nxg7 31. Rh4 1-0

[Event "Niedersachsen-ch op"]
[Site "Verden"]
[Date "2016.01.05"]
[Round "5"]
[White "Graf, Lucas"]
[Black "Modder, Frank"]
[Result "1-0"]
[WhiteElo "1761"]
[BlackElo "1958"]
[PlyCount "81"]
[EventDate "2016.01.03"]
[EventType "swiss"]
[EventRounds "7"]
[EventCountry "GER"]
[SourceTitle "EXT 2018"]
[Source "ChessBase"]
[SourceDate "2017.10.13"]
[SourceVersion "1"]
[SourceVersionDate "2017.10.13"]
[SourceQuality "1"]

1. e4 e6 2. d3 c5 3. g3 g6 4. Bg2 Bg7 5. Nf3 Ne7 6. 0-0 0-0 7. c3 Nbc6 8. Nh4 d5 9. Qc2 b6 10. a4 Bb7 11. f4 f5 12. e5 d4 13. Na3 dxc3 14. bxc3 Na5 15. Bxb7 Nxb7 16. Nc4 Nd5 17. Ng2 Bh6 18. Rb1 g5 19. fxg5 Bxg5 20. Bxg5 Qxg5 21. Nf4 Nxf4 22. Rxf4 Kh8 23. Qg2 Qxf4 24. gxf4 Rg8 25. Qg3 Rad8 26. Rd1 Rxg3+ 27. hxg3 Rd7 28. Kf2 Kg8 29. Ke3 Rg7 30. Kf3 Rd7 31. g4 fxg4+ 32. Kxg4 Rg7+ 33. Kf3 Nd8 34. d4 cxd4 35. cxd4 Rc7 36. Ne3 Rc3 37. Ra1 Nc6 38. Ke4 Ne7 39. f5 exf5+ 40. Nxf5 Nc6 41. e6 1-0

[Event "Niedersachsen-ch op-A"]
[Site "Verden"]
[Date "2015.01.02"]
[Round "1"]
[White "Modder, Frank"]
[Black "Sawadkuhi, Massoud Amir"]
[Result "1/2-1/2"]
[WhiteElo "1923"]
[BlackElo "2146"]
[PlyCount "52"]
[EventDate "2015.01.02"]
[EventType "swiss"]
[EventRounds "7"]
[EventCountry "GER"]
[SourceTitle "EXT 2018"]
[Source "ChessBase"]
[SourceDate "2017.10.13"]
[SourceVersion "1"]
[SourceVersionDate "2017.10.13"]
[SourceQuality "1"]

1. e4 c5 2. c3 Nf6 3. e5 Nd5 4. d4 cxd4 5. Nf3 e6 6. cxd4 b6 7. Nc3 Bb7 8. Bd3 Be7 9. 0-0 f5 10. exf6 Nxf6 11. Bf4 Na6 12. Rc1 Nb4 13. Bb1 0-0 14. Ne5 Rc8 15. Bg5 Qe8 16. a3 Nbd5 17. Nxd5 Bxd5 18. Rxc8 Qxc8 19. Bxf6 Rxf6 20. Qh5 g6 21. Nxg6 hxg6 22. Bxg6 Rxg6 23. Qxg6+ Kf8 24. Qh6+ Kg8 25. Qg6+ Kf8 26. Qh6+ Kg8 1/2-1/2

[Event "Niedersachsen-ch op-A"]
[Site "Verden"]
[Date "2014.01.05"]
[Round "7"]
[White "Ter Stal, Sven"]
[Black "Modder, Frank"]
[Result "0-1"]
[WhiteElo "1632"]
[BlackElo "1907"]
[PlyCount "98"]
[EventDate "2014.01.02"]
[EventType "swiss"]
[EventRounds "7"]
[EventCountry "GER"]
[SourceTitle "EXT 2016"]
[Source "ChessBase"]
[SourceDate "2015.10.08"]
[SourceVersion "1"]
[SourceVersionDate "2015.10.08"]
[SourceQuality "1"]

1. f4 d5 2. g3 Nf6 3. Nf3 Bg4 4. Bg2 Nbd7 5. d3 Bxf3 6. Bxf3 e5 7. e4 dxe4 8. dxe4 Bd6 9. Be3 Qe7 10. Nd2 Bc5 11. Qe2 0-0-0 12. 0-0-0 Rhe8 13. Rhe1 Bxe3 14. Qxe3 Qc5 15. Qb3 Qe7 16. Nc4 a6 17. Qc3 Qc5 18. Qb3 Qe7 19. Bg2 Kb8 20. Na5 Nb6 21. Bf1 Rxd1+ 22. Rxd1 Qc5 23. fxe5 Nxe4 24. Qf3 Qxa5 25. Qxe4 Qxa2 26. Bg2 c6 27. Qd4 Nc4 28. b3 Qa3+ 29. Kb1 Nxe5 30. Qb6 Qe7 31. Re1 Qc7 32. Qb4 f6 33. Bf1 Ka8 34. Qe4 Rd8 35. Qxh7 Nf3 36. Rc1 Nd2+ 37. Kb2 Qe5+ 38. Ka3 Rd5 39. c3 Ra5+ 40. Kb2 Nxf1 41. Qg8+ Ka7 42. Qxg7 Qe2+ 43. Rc2 Qf3 44. Qd7 Rd5 45. Qe7 Ne3 46. Rc1 Qf2+ 47. Ka3 Ra5+ 48. Kb4 Nd5+ 49. Kxa5 Qa2+ 0-1

[Event "Niedersachsen-ch op-A"]
[Site "Verden"]
[Date "2014.01.03"]
[Round "4"]
[White "Modder, Frank"]
[Black "Kiesel, Harald"]
[Result "0-1"]
[WhiteElo "1907"]
[BlackElo "2134"]
[PlyCount "100"]
[EventDate "2014.01.02"]
[EventType "swiss"]
[EventRounds "7"]
[EventCountry "GER"]
[SourceTitle "EXT 2016"]
[Source "ChessBase"]
[SourceDate "2015.10.08"]
[SourceVersion "1"]
[SourceVersionDate "2015.10.08"]
[SourceQuality "1"]

1. d4 e6 2. Nf3 Nf6 3. e3 d5 4. Bd3 c5 5. c3 Nc6 6. Nbd2 Bd6 7. 0-0 0-0 8. dxc5 Bxc5 9. e4 Qc7 10. exd5 exd5 11. Nb3 Bd6 12. h3 Re8 13. Nbd4 a6 14. Nf5 Bf4 15. Qc2 Ne4 16. N5d4 Bd7 17. Qb3 Rad8 18. Ne2 Bxc1 19. Raxc1 Na5 20. Qc2 Nc4 21. Ned4 Qf4 22. Rcd1 Ne5 23. Bxe4 dxe4 24. Nxe5 Qxe5 25. Rfe1 Qg5 26. Qc1 Qxc1 27. Rxc1 f5 28. Rcd1 Kf7 29. Nc2 Bc6 30. Rd4 Rxd4 31. Nxd4 Bd7 32. Nc2 Be6 33. Nd4 Bd7 34. Nc2 Be6 35. Nd4 Rd8 36. f3 Bd5 37. fxe4 fxe4 38. Rf1+ Kg6 39. Rf2 Bxa2 40. b3 Bb1 41. Kf1 Rc8 42. c4 Rd8 43. Ne6 Rd6 44. Nc5 b5 45. cxb5 axb5 46. Ke1 Rd5 47. Ne6 Re5 48. Nd4 Bd3 49. Nc6 Rc5 50. Nd4 e3 0-1

[Event "Goch op 24th"]
[Site "Goch"]
[Date "2013.09.08"]
[Round "6"]
[White "Modder, Frank"]
[Black "Van der Valk, Niklas"]
[Result "1/2-1/2"]
[WhiteElo "1884"]
[BlackElo "2119"]
[PlyCount "44"]
[EventDate "2013.09.05"]
[EventType "swiss"]
[EventRounds "7"]
[EventCountry "GER"]
[SourceTitle "EXT 2015"]
[Source "ChessBase"]
[SourceDate "2014.11.20"]
[SourceVersion "1"]
[SourceVersionDate "2014.11.20"]
[SourceQuality "1"]

1. d4 d5 2. Nf3 Nf6 3. c4 c6 4. cxd5 cxd5 5. Nc3 Nc6 6. Bf4 Bf5 7. e3 e6 8. Qb3 Qb6 9. Qxb6 axb6 10. Bb5 Nd7 11. Ne5 Ndxe5 12. Bxe5 Be7 13. Bxg7 Rg8 14. Be5 0-0-0 15. Bg3 Bd6 16. Bxd6 Rxd6 17. g3 f6 18. 0-0-0 Rgd8 19. Bd3 Bg4 20. Be2 Bf5 21. Bd3 Bg4 22. Be2 Bf5 1/2-1/2

[Event "Goch op 24th"]
[Site "Goch"]
[Date "2013.09.07"]
[Round "5"]
[White "Flegar, Vlado"]
[Black "Modder, Frank"]
[Result "0-1"]
[WhiteElo "1465"]
[BlackElo "1884"]
[PlyCount "64"]
[EventDate "2013.09.05"]
[EventType "swiss"]
[EventRounds "7"]
[EventCountry "GER"]
[SourceTitle "EXT 2015"]
[Source "ChessBase"]
[SourceDate "2014.11.20"]
[SourceVersion "1"]
[SourceVersionDate "2014.11.20"]
[SourceQuality "1"]

1. e4 e6 2. Nf3 d5 3. exd5 exd5 4. d4 Nf6 5. Be2 Bd6 6. 0-0 h6 7. Re1 0-0 8. c3 Re8 9. h3 Ne4 10. Be3 f5 11. Qb3 Kh8 12. Bd3 c6 13. Na3 b5 14. Nc2 a5 15. a3 a4 16. Qa2 g5 17. Bxe4 dxe4 18. Nh2 Be6 19. Qb1 Nd7 20. Nb4 Qc7 21. Nf1 Nf6 22. Qd1 Bf7 23. Qc1 Rg8 24. Kh1 Qd7 25. Qc2 Bc7 26. Rac1 Qd6 27. g3 Bb3 28. Qb1 Bc4 29. f4 Nh5 30. g4 gxf4 31. Bg1 Bxf1 32. gxh5 Bg2+ 0-1

[Event "Maastricht Limburg op-B 7th"]
[Site "Maastricht"]
[Date "2013.05.17"]
[Round "1"]
[White "Modder, Frank"]
[Black "Webner, Dennis"]
[Result "1-0"]
[WhiteElo "1864"]
[BlackElo "2042"]
[PlyCount "51"]
[EventDate "2013.05.17"]
[EventType "swiss"]
[EventRounds "7"]
[EventCountry "NED"]
[SourceTitle "EXT 2014"]
[Source "ChessBase"]
[SourceDate "2013.11.20"]
[SourceVersion "1"]
[SourceVersionDate "2013.11.20"]
[SourceQuality "1"]

1. d4 e6 2. Nf3 f5 3. Bg5 Be7 4. Bxe7 Qxe7 5. Nbd2 Nf6 6. e3 b6 7. Bd3 Bb7 8. Qe2 Nc6 9. c3 d5 10. 0-0 0-0 11. Ba6 Bxa6 12. Qxa6 Ne4 13. Qb5 Qe8 14. c4 a6 15. Qb3 Na5 16. Qc2 Rc8 17. b4 Nc6 18. Qb3 Ne7 19. cxd5 Nxd5 20. Nxe4 fxe4 21. Ne5 Qb5 22. Qc2 Qxb4 23. Qxe4 c5 24. Nd3 Qc4 25. Qxe6+ Kh8 26. Ne5 1-0

[Event "Kaiserbrunnen Winter op"]
[Site "Brakel"]
[Date "2013.01.21"]
[Round "4"]
[White "Modder, Frank"]
[Black "Mueer, Sebastian"]
[Result "0-1"]
[WhiteElo "1880"]
[BlackElo "2210"]
[PlyCount "56"]
[EventDate "2013.01.21"]
[EventType "swiss"]
[EventRounds "5"]
[EventCountry "GER"]
[SourceTitle "EXT 2023"]
[Source "ChessBase"]
[SourceDate "2022.10.05"]
[SourceVersion "1"]
[SourceVersionDate "2022.10.05"]
[SourceQuality "1"]

1. d4 c5 2. d5 Nf6 3. c4 e6 4. Nc3 exd5 5. cxd5 d6 6. e4 g6 7. Be2 Bg7 8. Nf3 0-0 9. 0-0 Re8 10. Qc2 Na6 11. a3 Nc7 12. h3 Rb8 13. Bf4 b5 14. b4 Nxe4 15. Nxe4 Bf5 16. Nfd2 Nxd5 17. Bxd6 Bxa1 18. Rxa1 Nf6 19. Bxb8 Nxe4 20. Nxe4 Bxe4 21. Qxc5 Qxb8 22. Qxb5 Qa8 23. Bf1 Rd8 24. Qe2 Qd5 25. Qe3 Rd6 26. Rc1 Kg7 27. Bc4 Qf5 28. Qe2 Qg5 0-1

[Event "Kaiserbrunnen Winter op"]
[Site "Brakel"]
[Date "2013.01.21"]
[Round "1"]
[White "Siemes, Robert"]
[Black "Modder, Frank"]
[Result "1-0"]
[WhiteElo "2101"]
[BlackElo "1880"]
[PlyCount "57"]
[EventDate "2013.01.21"]
[EventType "swiss"]
[EventRounds "5"]
[EventCountry "GER"]
[SourceTitle "EXT 2023"]
[Source "ChessBase"]
[SourceDate "2022.10.05"]
[SourceVersion "1"]
[SourceVersionDate "2022.10.05"]
[SourceQuality "1"]

1. e4 e6 2. d4 d5 3. Nc3 Nf6 4. e5 Nfd7 5. f4 c5 6. Nf3 Nc6 7. Be3 Be7 8. Qd2 0-0 9. Be2 a6 10. 0-0 b5 11. Kh1 Qb6 12. a4 b4 13. Nd1 cxd4 14. Nxd4 Nxd4 15. Bxd4 Bc5 16. a5 Qa7 17. c3 bxc3 18. bxc3 Rb8 19. Bd3 g6 20. Bc2 Qc7 21. Ne3 Rb5 22. Ng4 Rxa5 23. Rxa5 Qxa5 24. f5 Bxd4 25. Qxd4 Qc5 26. Nf6+ Kg7 27. Qh4 Rh8 28. Nxd7 Bxd7 29. fxg6 1-0

[Event "Niedersachsen-ch op-A"]
[Site "Verden"]
[Date "2013.01.05"]
[Round "5"]
[White "Modder, Frank"]
[Black "Finke, Maurice"]
[Result "0-1"]
[WhiteElo "1888"]
[BlackElo "1938"]
[PlyCount "44"]
[EventDate "2013.01.03"]
[EventType "swiss"]
[EventRounds "7"]
[EventCountry "GER"]
[SourceTitle "EXT 2014"]
[Source "ChessBase"]
[SourceDate "2013.11.20"]
[SourceVersion "1"]
[SourceVersionDate "2013.11.20"]
[SourceQuality "1"]

1. d4 Nf6 2. Bg5 d5 3. Bxf6 exf6 4. e3 Bd6 5. g3 c6 6. Nd2 0-0 7. Bg2 Bf5 8. Ne2 Na6 9. 0-0 Re8 10. c4 Nb4 11. cxd5 Bc2 12. Qc1 Bd3 13. Qd1 Nxd5 14. Nb3 Be4 15. Rc1 Bxg2 16. Kxg2 Rxe3 17. Qd2 Re7 18. Nc5 Bxc5 19. Rxc5 Rd7 20. Rcc1 Nc7 21. Qb4 Ne6 22. Rfe1 Qc7 0-1

[Event "Niedersachsen-ch op-A"]
[Site "Verden"]
[Date "2013.01.04"]
[Round "4"]
[White "Boehning, Kilian"]
[Black "Modder, Frank"]
[Result "0-1"]
[WhiteElo "1893"]
[BlackElo "1888"]
[PlyCount "82"]
[EventDate "2013.01.03"]
[EventType "swiss"]
[EventRounds "7"]
[EventCountry "GER"]
[SourceTitle "EXT 2014"]
[Source "ChessBase"]
[SourceDate "2013.11.20"]
[SourceVersion "1"]
[SourceVersionDate "2013.11.20"]
[SourceQuality "1"]

1. e4 e6 2. d4 d5 3. exd5 exd5 4. Bd3 Bd6 5. Ne2 Ne7 6. Nbc3 c6 7. Bf4 Bf5 8. Qd2 Qc7 9. Bxd6 Qxd6 10. Ng3 Bxd3 11. Qxd3 Nd7 12. 0-0 0-0 13. Rae1 Nf6 14. f4 Rae8 15. Re5 Ng6 16. Nf5 Qb4 17. Qg3 Nh5 18. Qg4 Nxe5 19. fxe5 g6 20. Nd1 Qb6 21. Kh1 Qc7 22. Nd6 Re7 23. Nf5 Ree8 24. Nd6 Re7 25. Ne3 f6 26. Nef5 fxe5 27. Nxe7+ Qxe7 28. Rxf8+ Kxf8 29. dxe5 Qxe5 30. Qc8+ Ke7 31. Qxb7+ Kxd6 32. Qb8+ Ke6 33. Qe8+ Kf6 34. Qxc6+ Kg7 35. g3 Qe4+ 36. Kg1 Qe3+ 37. Kg2 Nf6 38. Qc7+ Kh6 39. h4 Ne4 40. Qb8 Qf2+ 41. Kh3 Qf3 0-1

[Event "Maastricht Limburg op-B 6th"]
[Site "Maastricht"]
[Date "2012.05.28"]
[Round "7"]
[White "Modder, Frank"]
[Black "Tuerlinckx, Ben"]
[Result "0-1"]
[WhiteElo "1896"]
[BlackElo "1958"]
[PlyCount "70"]
[EventDate "2012.05.25"]
[EventType "swiss"]
[EventRounds "7"]
[EventCountry "NED"]
[SourceTitle "EXT 2013"]
[Source "ChessBase"]
[SourceDate "2012.11.22"]
[SourceVersion "1"]
[SourceVersionDate "2012.11.22"]
[SourceQuality "1"]

1. d4 c5 2. d5 g6 3. c4 Bg7 4. g3 d6 5. Nc3 Nf6 6. Bg2 0-0 7. Nf3 Na6 8. 0-0 Nc7 9. Re1 Bg4 10. h3 Bxf3 11. Bxf3 Rb8 12. Bd2 a6 13. a4 b6 14. Qc2 Nd7 15. Bg2 b5 16. axb5 axb5 17. Nxb5 Nxb5 18. cxb5 Rxb5 19. Bc3 Qb6 20. e4 Rb8 21. Bf1 Bxc3 22. Bxb5 Bxe1 23. Bxd7 Bb4 24. Bc6 c4 25. Ra2 Bc5 26. Kg2 Bd4 27. Qxc4 Bxf2 28. b4 Be1 29. b5 Qe3 30. g4 Bh4 31. Qe2 Qg3+ 32. Kh1 Qxh3+ 33. Kg1 Bf6 34. Ra4 Qg3+ 35. Kh1 Be5 0-1

[Event "Niedersachsen-ch op-B"]
[Site "Verden"]
[Date "2012.01.05"]
[Round "7"]
[White "Modder, Frank"]
[Black "Fischer, Manfred"]
[Result "1-0"]
[WhiteElo "1904"]
[BlackElo "1879"]
[PlyCount "40"]
[EventDate "2012.01.02"]
[EventType "swiss"]
[EventRounds "7"]
[EventCountry "GER"]
[SourceTitle "EXT 2021"]
[Source "ChessBase"]
[SourceDate "2020.10.23"]
[SourceVersion "1"]
[SourceVersionDate "2020.10.23"]
[SourceQuality "1"]

1. d4 Nf6 2. Bg5 d5 3. Bxf6 gxf6 4. e3 e5 5. c4 Be6 6. cxd5 Bxd5 7. Nc3 c6 8. Nf3 e4 9. Nd2 Rg8 10. Ndxe4 Bb4 11. Nd2 Be6 12. a3 Be7 13. g3 Bg4 14. Qb3 Na6 15. Qxb7 Nc7 16. Qxc6+ Kf8 17. Bg2 Rb8 18. b4 Rb6 19. Qa4 Ra6 20. Qb3 Bxb4 1-0